000 00585nam a22001817a 4500
005 20251108165012.0
008 250721s1994 xx 000 0 ara d
082 1 4 _a658.5/سون
100 1 _aالبكري، سونيا محمد
245 1 0 _aتخطيط و مراقبة الإنتاج /
264 1 _aالإسكندرية :
_bالدار الجامعية للطباعة والنشر والتوزيع،
_c1994.
300 _a400ص
650 1 7 _aالإدارة
650 1 7 _aتقنيات الإدارة
650 1 7 _aإدارة الإنتاج
942 _2ddc
_cBK
999 _c19573
_d19573